Catàleg del Col·legi de Periodistes de Catalunya

Cent anys de premsa sitgetana (1877-1977) (Registre núm. 4195)

000 -CABECERA
Longitud fija campo de control 00374nam a2200145 a 4500
001 - NÚMERO DE CONTROL
Número de control 4195
003 - IDENTIFICADOR DEL NÚMERO DE CONTROL
Identificador del número de control CDMR
005 - FECHA Y HORA DE LA ÚLTIMA TRANSACCIÓN
Fecha y hora de la última transacción 20131007162452.0
008 - CÓDIGOS DE INFORMACIÓN DE LONGITUD FIJA
Códigos de información de longitud fija 130130s1977||||||||||||||||||||||||||||d
040 ## - FUENTE DE LA CATALOGACIÓN
Centro catalogador de origen CDMR
Lengua de catalogación cat
Centro transcriptor CDMR
245 #0 - MENCIÓN DE TÍTULO
Título Cent anys de premsa sitgetana (1877-1977)
260 ## - PUBLICACIÓN, DISTRIBUCIÓN, ETC. (PIE DE IMPRENTA)
Lugar de publicación, distribución, etc. Sitges
Fecha de publicación, distribución, etc. 1977
Nombre del editor, distribuidor, etc. Biblioteca Popular "Santigo Rusiñol"
300 ## - DESCRIPCIÓN FÍSICA
Extensión 67 p.
942 ## - ENTRADA DE ELEMENTOS AGREGADOS (KOHA)
Koha [por defecto] tipo de item Monografies
Fuente de clasificaión o esquema
Fons
Suprimido Perdido Estropeado No para préstamo Localización permanente Localización actual Fecha adquisición Préstamos totales Signatura completa Código de barras Fecha última consulta Fecha del precio de reemplazo Tipo de item de Koha
        Centre de Documentació Montserrat Roig Centre de Documentació Montserrat Roig 2013-01-16   Du 8/1 CDMR131080135 2013-01-16 2013-01-16 Monografies

Implantat amb Koha